[Event "Champ FRA - Under 12"]
[Site "Europe Echecs"]
[Date "2020.07.08"]
[Round "3"]
[White "LangerKarele"]
[Black "LombartRemi"]
[Result "0-1"]
[WhiteElo "1282"]
[BlackElo "1100"]
[PlyCount "82"]
[EventDate "2020.??.??"]

1. d4 d5 2. c4 c6 3. cxd5 cxd5 4. Nc3 Nf6 5. Bf4 Nc6 6. e3 Bf5 7. Qb3 Qb6 8.
Qxb6 axb6 9. Nf3 e6 10. Bb5 Bb4 11. Ne5 Rc8 12. O-O O-O 13. Rac1 Na7 14. Be2
Bxc3 15. bxc3 Ne4 16. c4 f6 17. Nf3 dxc4 18. Bxc4 b5 19. Be2 Bg4 20. Bd3 Bxf3
21. gxf3 Nd2 22. Rfe1 Nxf3+ 23. Kf1 Nxe1 24. Rxe1 g5 25. Bg3 f5 26. Kg1 h5 27.
Be5 b4 28. Kh1 Nc6 29. Rg1 g4 30. Bf4 Rfe8 31. h3 e5 32. Bc4+ Kg7 33. dxe5 Nxe5
34. Bb5 Re7 35. hxg4 hxg4 36. Kg2 Nf3 37. Rh1 Rh8 38. Rxh8 Kxh8 39. Bd3 Ne1+
40. Kf1 Nxd3 41. Ke2 Nxf4+ {LangerKarele a abandonné} 0-1

[Event "Champ FRA - Under 12"]
[Site "Europe Echecs"]
[Date "2020.07.08"]
[Round "3"]
[White "BiondiAntonin"]
[Black "AvcharovLevon"]
[Result "0-1"]
[WhiteElo "1280"]
[BlackElo "1075"]
[PlyCount "154"]
[EventDate "2020.??.??"]

1. Nf3 f5 2. c4 e6 3. d3 Nf6 4. Nc3 Nc6 5. Bf4 b6 6. b3 Bb4 7. Qd2 Ba6 8. e3
O-O 9. a3 Be7 10. Qe2 d6 11. b4 Bb7 12. Qd2 e5 13. Bg5 h6 14. Bxf6 Bxf6 15. Be2
e4 16. Ng1 exd3 17. Bxd3 Ne5 18. Nd5 Nxd3+ 19. Qxd3 Bxa1 20. Nf3 Bxd5 21. Qxd5+
Rf7 22. O-O Be5 23. Rd1 Qf6 24. g3 Rd8 25. c5 bxc5 26. bxc5 a5 27. Nxe5 Qxe5
28. Qxe5 dxe5 29. Rxd8+ Rf8 30. Rd7 c6 31. Rc7 Rf6 32. Ra7 f4 33. Rxa5 fxe3 34.
fxe3 Rf3 35. Ra6 Rxe3 36. Rxc6 Rxa3 37. Rc8+ Kf7 38. Kf2 e4 39. c6 Rc3 40. Kg2
g5 41. Rh8 Rxc6 42. Kf2 Rc3 43. Rxh6 Rc4 44. Rh5 Kf6 45. Ke3 Kf5 46. h3 Rc3+
47. Kf2 Rf3+ 48. Kg2 Rd3 49. h4 Rd2+ 50. Kf1 e3 51. Rxg5+ Ke4 52. h5 Kd3 53.
Rd5+ Kc2 54. Rxd2+ exd2 55. h6 d1=Q+ 56. Kg2 Qh5 57. Kf1 Qxh6 58. Kg2 Qe3 59.
Kh3 Kd3 60. Kh4 Ke4 61. g4 Qf2+ 62. Kh5 Kf4 63. g5 Qh2+ 64. Kg6 Qc2+ 65. Kf6
Qf5+ 66. Ke7 Qxg5+ 67. Kd6 Qe5+ 68. Kc6 Qd4 69. Kc7 Qd5 70. Kb6 Qc4 71. Kb7 Ke5
72. Kb6 Kd6 73. Kb7 Qc5 74. Kb8 Qc7+ 75. Ka8 Qd7 76. Kb8 Kc6 77. Ka8 Qb7# {
BiondiAntonin est échec et mat} 0-1

[Event "Champ FRA - Under 12"]
[Site "Europe Echecs"]
[Date "2020.07.08"]
[Round "3"]
[White "LayadiNoha"]
[Black "DebbicheIdriss"]
[Result "0-1"]
[WhiteElo "1280"]
[BlackElo "1065"]
[PlyCount "90"]
[EventDate "2020.??.??"]

1. e4 d6 2. d4 Nf6 3. Nc3 g6 4. Nf3 Bg7 5. Bc4 O-O 6. Bg5 h6 7. Bf4 Nxe4 8.
Nxe4 d5 9. Bd3 dxe4 10. Bxe4 Be6 11. Bxb7 Bd5 12. Bxa8 Bxa8 13. O-O Nc6 14. c3
Qd7 15. Qd2 Kh7 16. Rfe1 Rb8 17. Re3 e6 18. Rd1 Rd8 19. Qc2 Ne7 20. Red3 Be4
21. Re3 Bxc2 22. Rd2 Ba4 23. b3 Bc6 24. c4 Nf5 25. Red3 Bxf3 26. Rxf3 Nxd4 27.
Rfd3 Qe7 28. Be3 e5 29. Rd1 c5 30. Bxd4 Rxd4 31. Rxd4 exd4 32. g3 Qe2 33. Rf1
Qxa2 34. Kg2 Qxb3 35. Rc1 a5 36. Re1 a4 37. Re7 Qxc4 38. Re1 a3 39. Rd1 a2 40.
Re1 d3 41. Rd1 a1=Q 42. Rxa1 Bxa1 43. Kf1 d2+ 44. Kg2 Qe4+ 45. Kf1 d1=Q# {
LayadiNoha est échec et mat} 0-1

[Event "Champ FRA - Under 12"]
[Site "Europe Echecs"]
[Date "2020.07.08"]
[Round "3"]
[White "ScoupeLuca"]
[Black "PolaertClarenc"]
[Result "1-0"]
[WhiteElo "1095"]
[BlackElo "1280"]
[PlyCount "75"]
[EventDate "2020.??.??"]

1. d4 e6 2. c4 d5 3. Nc3 c6 4. Nf3 Bd6 5. Bg5 f6 6. Bh4 Ne7 7. e3 O-O 8. Qc2 b6
9. Bd3 Ba6 10. Bxh7+ Kh8 11. cxd5 Nxd5 12. Nxd5 cxd5 13. Rc1 Qd7 14. Bg6 Rc8
15. Qd2 Nc6 16. a3 Rab8 17. Bg3 b5 18. Bxd6 Qxd6 19. b4 Ne7 20. Rxc8+ Rxc8 21.
Bd3 e5 22. dxe5 fxe5 23. O-O e4 24. Bxe4 Qe5 25. Nxe5 dxe4 26. Qd7 Ng8 27. Nf7+
Kh7 28. Qh3+ Kg6 29. Ne5+ Kf6 30. Nd7+ Kf7 31. Nc5 Kf8 32. Nxa6 Nf6 33. Qxc8+
Ne8 34. Nc7 g6 35. Qxe8+ Kg7 36. Ne6+ Kh7 37. Qf8 g5 38. Qg7# {PolaertClarenc
est échec et mat} 1-0

[Event "Champ FRA - Under 12"]
[Site "Europe Echecs"]
[Date "2020.07.08"]
[Round "3"]
[White "MartoianSeda"]
[Black "BouvierMenardB"]
[Result "0-1"]
[WhiteElo "1278"]
[BlackElo "1034"]
[PlyCount "26"]
[EventDate "2020.??.??"]

1. e4 e5 2. Nf3 Nc6 3. Bb5 a6 4. Ba4 b5 5. Bb3 Nf6 6. d3 Bc5 7. Bg5 h6 8. Bh4
d6 9. h3 Qd7 10. Bxf6 gxf6 11. Nc3 Rg8 12. O-O Qxh3 13. g3 Rxg3# {MartoianSeda
est échec et mat} 0-1

[Event "Champ FRA - Under 12"]
[Site "Europe Echecs"]
[Date "2020.07.08"]
[Round "3"]
[White "MareauNoe"]
[Black "GrisoniEmma"]
[Result "0-1"]
[WhiteElo "1071"]
[BlackElo "1273"]
[PlyCount "64"]
[EventDate "2020.??.??"]

1. e4 c5 2. c3 Nc6 3. Nf3 g6 4. d4 cxd4 5. cxd4 Bg7 6. Be3 Nf6 7. Nc3 d6 8. Bb5
Bd7 9. Qd2 a6 10. Bc4 h6 11. h3 Qc7 12. a3 Na5 13. Ba2 Bc6 14. d5 Bd7 15. b4
Nc4 16. Qd4 Nxe3 17. Qxe3 Nxe4 18. O-O Nxc3 19. Rac1 Rc8 20. Rfe1 O-O 21. Rc2
a5 22. Rec1 axb4 23. axb4 Qb8 24. Bb3 Nb5 25. Qxe7 Bf5 26. Rxc8 Rxc8 27. Re1
Rc7 28. Qe2 Nd4 29. Nxd4 Bxd4 30. Qd1 Qa7 31. Kh1 Bxf2 32. Re2 Bb6 {MareauNoe
a perdu au temps} 0-1

[Event "Champ FRA - Under 12"]
[Site "Europe Echecs"]
[Date "2020.07.08"]
[Round "3"]
[White "ChalonLouison"]
[Black "KarushkovNguye"]
[Result "0-1"]
[WhiteElo "1265"]
[BlackElo "1013"]
[PlyCount "122"]
[EventDate "2020.??.??"]

1. e4 c5 2. Nc3 d6 3. Bc4 Nf6 4. Nf3 g6 5. d3 Bg7 6. O-O O-O 7. Bg5 Nc6 8. Re1
Bg4 9. h3 Bxf3 10. Qxf3 Nd4 11. Qd1 Qb6 12. Rb1 Qc7 13. Bxf6 Bxf6 14. Nd5 Qd8
15. c3 Nc6 16. Nxf6+ exf6 17. d4 cxd4 18. cxd4 Re8 19. Bb5 a6 20. Bxc6 bxc6 21.
Rc1 Qd7 22. d5 c5 23. a3 Rab8 24. Rb1 Qb5 25. a4 Qb4 26. b3 Rxe4 27. Rxe4 Qxe4
28. Qf1 Qxd5 29. Qxa6 Kg7 30. Qe2 Rxb3 31. Rxb3 Qxb3 32. a5 Qa4 33. Qd2 c4 34.
Qxd6 Qxa5 35. Qd4 Qb4 36. Kf1 Qb3 37. Ke2 c3 38. Qd3 Qb2+ 39. Kd1 Qxf2 40. Qxc3
Qxg2 41. Ke1 g5 42. Qd3 h5 43. Qa3 Kg6 44. Qd3+ f5 45. Qd6+ f6 46. Qf8 Qe4+ 47.
Kf1 Qf3+ 48. Ke1 Qg3+ 49. Kf1 Qxh3+ 50. Ke1 Qh1+ 51. Ke2 Qg2+ 52. Ke1 Qg1+ 53.
Ke2 f4 54. Qg8+ Kf5 55. Qd5+ Kg4 56. Qe6+ f5 57. Qb3 Qg2+ 58. Ke1 Qg3+ 59. Kf1
Qxb3 60. Kg2 Qb2+ 61. Kg1 f3 {ChalonLouison a abandonné} 0-1

[Event "Champ FRA - Under 12"]
[Site "Europe Echecs"]
[Date "2020.07.08"]
[Round "3"]
[White "RobinLucien"]
[Black "KerjeanLohan"]
[Result "1-0"]
[WhiteElo "1265"]
[BlackElo "1008"]
[PlyCount "33"]
[EventDate "2020.??.??"]

1. e4 e5 2. Nf3 Nc6 3. Nc3 Bc5 4. Nxe5 Nxe5 5. d4 Bd6 6. dxe5 Bxe5 7. Qf3 Nf6
8. Bg5 h6 9. Bh4 Bd6 10. Bxf6 Be7 11. Bxe7 Qxe7 12. Nd5 Qd6 13. O-O-O b6 14.
Bc4 Bb7 15. Nc3 Qc5 16. Qxf7+ Kd8 17. Qxd7# {KerjeanLohan est échec et mat}
1-0

[Event "Champ FRA - Under 12"]
[Site "Europe Echecs"]
[Date "2020.07.08"]
[Round "3"]
[White "MenceEline"]
[Black "BernardiAlexan"]
[Result "1-0"]
[WhiteElo "1264"]
[BlackElo "999"]
[PlyCount "113"]
[EventDate "2020.??.??"]

1. d4 d5 2. e3 Nc6 3. f4 Bf5 4. c3 a6 5. Nf3 Nf6 6. Bd3 Bg6 7. O-O e6 8. Bd2
Bd6 9. Be1 Ng4 10. Qe2 O-O 11. h3 Nf6 12. Bh4 Be7 13. Bxg6 fxg6 14. Bxf6 Bxf6
15. Nbd2 b5 16. a3 Be7 17. Ne5 Nxe5 18. fxe5 Bg5 19. Rxf8+ Qxf8 20. Rf1 Qe7 21.
Nb3 Rf8 22. Rxf8+ Qxf8 23. Qf2 Qxf2+ 24. Kxf2 Kf7 25. Nc5 a5 26. b4 a4 27. Na6
Bd8 28. Kf3 Ke8 29. e4 dxe4+ 30. Kxe4 Kd7 31. Nc5+ Ke7 32. Nb7 c6 33. Nxd8 Kxd8
34. Kd3 Ke7 35. c4 g5 36. cxb5 cxb5 37. g4 g6 38. Ke4 h5 39. d5 Kd7 40. dxe6+
Kxe6 41. Kd4 Kd7 42. Kd5 Ke7 43. e6 Kf6 44. Kd6 hxg4 45. hxg4 Kg7 46. Kd7 Kf8
47. e7+ Kg7 48. e8=Q Kh7 49. Ke6 Kg7 50. Qxb5 Kh6 51. Qxa4 Kg7 52. b5 Kf8 53.
b6 Kg7 54. Ke7 Kh6 55. Kf7 Kh7 56. Qc2 Kh8 57. Qh2# {BernardiAlexan est échec
et mat} 1-0

[Event "Champ FRA - Under 12"]
[Site "Europe Echecs"]
[Date "2020.07.08"]
[Round "3"]
[White "CavillotDelest"]
[Black "DarrortNahia"]
[Result "1-0"]
[WhiteElo "1063"]
[BlackElo "1263"]
[PlyCount "79"]
[EventDate "2020.??.??"]

1. e4 c5 2. Nf3 d6 3. d4 cxd4 4. Nxd4 Nf6 5. Nc3 g6 6. Bc4 Bg7 7. Nf3 Nc6 8.
Bg5 Bd7 9. O-O O-O 10. Re1 Qc7 11. Bf4 Rfe8 12. Nb5 Qb8 13. Ng5 e6 14. Bxd6 Qd8
15. Nc7 h6 16. Nf3 Rc8 17. Nxe8 Qxe8 18. e5 Nh7 19. Bb3 Rd8 20. c4 Bc8 21. Ba4
a6 22. Qc2 Bd7 23. Rad1 f6 24. exf6 Nxf6 25. Bc7 Rc8 26. Bxc6 Bxc6 27. Bd6 Bxf3
28. gxf3 Kh7 29. Kh1 Qc6 30. Re3 Qxc4 31. Rc3 Qxa2 32. Rxc8 Qa5 33. Rg1 Qh5 34.
Qd3 Nd5 35. Bf8 Nf4 36. Qa3 Nh3 37. Bxg7 Nxf2+ 38. Kg2 Kxg7 39. Qf8+ Kh7 40.
Qg8# {DarrortNahia est échec et mat} 1-0

[Event "Champ FRA - Under 12"]
[Site "Europe Echecs"]
[Date "2020.07.08"]
[Round "3"]
[White "EbelePierre"]
[Black "OstrovskiyVova"]
[Result "1-0"]
[WhiteElo "1053"]
[BlackElo "1260"]
[PlyCount "45"]
[EventDate "2020.??.??"]

1. e4 e6 2. d4 d5 3. e5 c5 4. Nf3 cxd4 5. Nxd4 Qb6 6. Be3 Bc5 7. c3 Qxb2 8. Nd2
Qxc3 9. Rc1 Qb4 10. Nc2 Bxe3 11. Nxb4 Bxd2+ 12. Qxd2 Nd7 13. Bd3 Nxe5 14. O-O
Bd7 15. Rfe1 Nxd3 16. Qxd3 a6 17. Qc3 Ne7 18. Qxg7 Rg8 19. Qxh7 e5 20. Rxe5 Bf5
21. Qxf5 Kd8 22. Qxf7 Kd7 23. Qxe7# {OstrovskiyVova est échec et mat} 1-0

[Event "Champ FRA - Under 12"]
[Site "Europe Echecs"]
[Date "2020.07.08"]
[Round "3"]
[White "SabeFlavio"]
[Black "TureshbayevAno"]
[Result "1/2-1/2"]
[WhiteElo "1259"]
[BlackElo "799"]
[PlyCount "90"]
[EventDate "2020.??.??"]

1. d4 d5 2. Nc3 c5 3. dxc5 e6 4. Bf4 Bxc5 5. e3 a6 6. Bd3 Nf6 7. Nf3 O-O 8. O-O
Nc6 9. Re1 Re8 10. Ne5 Nxe5 11. Bxe5 Bd6 12. Bxd6 Qxd6 13. e4 dxe4 14. Nxe4
Nxe4 15. Bxe4 Qxd1 16. Raxd1 f5 17. Bf3 Kf7 18. Rd2 g6 19. Rde2 Rb8 20. Rd2 b5
21. Bc6 Re7 22. Rde2 Bb7 23. Bxb7 Rbxb7 24. g3 Rbc7 25. f4 Rc4 26. b3 Rd4 27.
c3 Rd3 28. Rc2 Rc7 29. Rce2 Rc6 30. c4 bxc4 31. bxc4 Rc3 32. Kg2 R3xc4 33. Kh3
Rc2 34. Rxc2 Rxc2 35. a3 Ra2 36. Re3 Kf6 37. Kh4 h5 38. h3 Ke7 39. Kg5 Kf7 40.
h4 Rg2 41. Rd3 Ra2 42. Rd7+ Ke8 43. Rd3 Kf7 44. Rd7+ Ke8 45. Rd3 Kf7 {Nulle
par répétition} 1/2-1/2

[Event "Champ FRA - Under 12"]
[Site "Europe Echecs"]
[Date "2020.07.08"]
[Round "3"]
[White "DeMouraChloe"]
[Black "LeNeindreYael"]
[Result "0-1"]
[WhiteElo "1049"]
[BlackElo "1258"]
[PlyCount "72"]
[EventDate "2020.??.??"]

1. e4 e5 2. Nf3 Nf6 3. Nxe5 d6 4. Nc4 Nxe4 5. Qe2 d5 6. Ne5 Qe7 7. d4 f6 8. Nf3
Nc6 9. Nc3 Nxc3 10. Qxe7+ Bxe7 11. bxc3 Bg4 12. Be2 O-O 13. O-O Rfe8 14. c4
dxc4 15. Bxc4+ Kh8 16. h3 Bxf3 17. gxf3 Nxd4 18. Kg2 Bd6 19. Be3 Nxc2 20. Rac1
Nxe3+ 21. fxe3 Rxe3 22. Kf2 Bc5 23. Kg2 Bb6 24. Rcd1 Re5 25. f4 Re4 26. Bd5
Re2+ 27. Kf3 Re3+ 28. Kg4 c6 29. Be6 Rxe6 30. f5 Re3 31. Kh4 Rae8 32. Kh5 R8e4
33. Rh1 Rg3 34. h4 Re7 35. Rhe1 g6+ 36. fxg6 hxg6+ {DeMouraChloe a abandonné}
0-1

[Event "Champ FRA - Under 12"]
[Site "Europe Echecs"]
[Date "2020.07.08"]
[Round "3"]
[White "LamorelleAlexe"]
[Black "GuerinSasha"]
[Result "1-0"]
[WhiteElo "1009"]
[BlackElo "1236"]
[PlyCount "41"]
[EventDate "2020.??.??"]

1. e4 e6 2. d4 d5 3. exd5 exd5 4. Nc3 Nc6 5. Nf3 Nf6 6. Bb5 Be7 7. Bf4 O-O 8.
O-O Bd7 9. Re1 a6 10. Ba4 b5 11. Bb3 Bf5 12. Ne5 Nb4 13. a3 Nxc2 14. Bxc2 Bxc2
15. Qxc2 Nh5 16. Nc6 Qd7 17. Nxe7+ Kh8 18. Ncxd5 c6 19. Nb6 Qc7 20. Nxa8 Nxf4
21. Nxc7 {GuerinSasha a abandonné} 1-0

[Event "Champ FRA - Under 12"]
[Site "Europe Echecs"]
[Date "2020.07.08"]
[Round "3"]
[White "DuportailIdris"]
[Black "GresserHugo"]
[Result "0-1"]
[WhiteElo "960"]
[BlackElo "1230"]
[PlyCount "75"]
[EventDate "2020.??.??"]

1. e4 d5 2. exd5 Nf6 3. Nc3 Nxd5 4. Nxd5 Qxd5 5. Nf3 Bg4 6. h3 Bxf3 7. gxf3 Nc6
8. c4 Qd7 9. Qb3 O-O-O 10. d3 e5 11. Be3 Bb4+ 12. Bd2 Bxd2+ 13. Kxd2 Qf5 14.
Rg1 g6 15. a4 Qxf3 16. Rg3 Qf4+ 17. Kc2 Nd4+ 18. Kc3 Nxb3 19. Kxb3 Qxf2 20. Rg2
Qe3 21. Re2 Qb6+ 22. Kc3 Qd4+ 23. Kb3 Qxd3+ 24. Kb4 Qd6+ 25. c5 Qc6 26. Rxe5
Rd4+ 27. Kb3 f6 28. Re7 Qxc5 29. Ka2 Rd3 30. Rae1 Qc4+ 31. Kb1 Qxa4 32. Bxd3
Rd8 33. Bf1 Rd1+ 34. Rxd1 Qxd1+ 35. Ka2 Qxf1 36. Re8+ Kd7 37. Re3 c5 38. Rd3+ {
DuportailIdris a abandonné} 0-1

[Event "Champ FRA - Under 12"]
[Site "Europe Echecs"]
[Date "2020.07.08"]
[Round "3"]
[White "FontaineMaelys"]
[Black "GluckPhileas"]
[Result "1-0"]
[WhiteElo "1500"]
[BlackElo "999"]
[PlyCount "55"]
[EventDate "2020.??.??"]

1. d4 d5 2. Bf4 Nc6 3. Nf3 Bf5 4. e3 e6 5. Bd3 Bb4+ 6. Nc3 Nf6 7. Bxf5 exf5 8.
O-O O-O 9. a3 Bxc3 10. bxc3 Ne4 11. Qd3 Nf6 12. Ne5 Nxe5 13. Bxe5 c6 14. Bxf6
Qxf6 15. Rab1 Rab8 16. f3 b6 17. Rbe1 Rbe8 18. Re2 c5 19. dxc5 bxc5 20. Rfe1 c4
21. Qd2 Re7 22. Qxd5 Qxc3 23. e4 Qf6 24. exf5 Rfe8 25. Qxc4 Qxf5 26. Rxe7 Rxe7
27. Rxe7 Qf6 28. Re8# {GluckPhileas est échec et mat} 1-0

[Event "Champ FRA - Under 12"]
[Site "Europe Echecs"]
[Date "2020.07.08"]
[Round "3"]
[White "TurcuLaura"]
[Black "ValentinAnasta"]
[Result "0-1"]
[WhiteElo "1006"]
[BlackElo "1360"]
[PlyCount "50"]
[EventDate "2020.??.??"]

1. e4 e5 2. Nf3 Nc6 3. Bc4 h6 4. O-O Nf6 5. d3 Bc5 6. Be3 Bxe3 7. fxe3 O-O 8.
Nc3 d6 9. d4 exd4 10. exd4 Re8 11. d5 Ne7 12. Re1 c6 13. dxc6 Nxc6 14. Nh4 Bg4
15. Be2 Bxe2 16. Rxe2 Nd7 17. Qxd6 Re6 18. Qg3 Nd4 19. Rf2 Rf6 20. Nf5 Nxf5 21.
exf5 Qb6 22. Ne4 Rxf5 23. Kh1 Qxb2 24. Raf1 Rxf2 25. Rxf2 Qc1+ {TurcuLaura a
abandonné} 0-1

[Event "Champ FRA - Under 12"]
[Site "Europe Echecs"]
[Date "2020.07.08"]
[Round "3"]
[White "LarioumlilWass"]
[Black "GourarMariem"]
[Result "1-0"]
[WhiteElo "1295"]
[BlackElo "1062"]
[PlyCount "45"]
[EventDate "2020.??.??"]

1. e4 e5 2. Nf3 Nc6 3. Bc4 Nf6 4. Nc3 Nxe4 5. Bxf7+ Kxf7 6. Nxe4 d5 7. Neg5+
Ke8 8. d3 e4 9. dxe4 Be7 10. exd5 Nb4 11. c4 Bxg5 12. Bxg5 Qd7 13. O-O Kf7 14.
Re1 Rf8 15. Re7+ Qxe7 16. Bxe7 Kxe7 17. Ng5 h6 18. Ne6 Bxe6 19. dxe6 Kxe6 20.
Qe1+ Kd7 21. Qxb4 Rf6 22. Rd1+ Kc6 23. Qb5# {GourarMariem est échec et mat}
1-0

[Event "Champ FRA - Under 12"]
[Site "Europe Echecs"]
[Date "2020.07.08"]
[Round "3"]
[White "SaelenTitouan"]
[Black "ChareyreMathie"]
[Result "1-0"]
[WhiteElo "1152"]
[BlackElo "1080"]
[PlyCount "91"]
[EventDate "2020.??.??"]

1. c4 e5 2. Nc3 Nf6 3. e3 Bc5 4. Nge2 d6 5. d4 exd4 6. exd4 Bb4 7. a3 Bxc3+ 8.
Nxc3 Bf5 9. Be2 Nbd7 10. O-O O-O 11. Bg5 h6 12. Bh4 Qe8 13. Bxf6 Nxf6 14. Bf3
Qd7 15. h3 c6 16. d5 Rac8 17. Re1 Rfe8 18. b3 Rxe1+ 19. Qxe1 Re8 20. Qd2 a6 21.
Na4 Qc7 22. Nb2 Ne4 23. Bxe4 Bxe4 24. Re1 Kf8 25. Qe3 cxd5 26. cxd5 Qa5 27. f3
Qxa3 28. Nc4 Qc5 29. Qxc5 dxc5 30. fxe4 b5 31. Nd6 Rd8 32. Nb7 Rc8 33. Nd6 Rc7
34. e5 c4 35. bxc4 bxc4 36. e6 Re7 37. Nf5 Re8 38. e7+ Kg8 39. d6 c3 40. d7
Rxe7 41. d8=Q+ Kh7 42. Qxe7 c2 43. Rc1 a5 44. Rxc2 a4 45. Qxf7 a3 46. Qxg7# {
ChareyreMathie est échec et mat} 1-0

[Event "Champ FRA - Under 12"]
[Site "Europe Echecs"]
[Date "2020.07.08"]
[Round "3"]
[White "FontaineGregor"]
[Black "GrallKewan"]
[Result "0-1"]
[WhiteElo "1140"]
[BlackElo "1054"]
[PlyCount "114"]
[EventDate "2020.??.??"]

1. d4 Nf6 2. Bf4 d5 3. Nf3 e6 4. e3 c5 5. c3 Nc6 6. Bb5 Bd6 7. Bxd6 Qxd6 8. O-O
O-O 9. Qc2 a6 10. Ng5 axb5 11. e4 dxe4 12. f3 h6 13. Nxe4 Nxe4 14. Qxe4 cxd4
15. cxd4 Qxd4+ 16. Qxd4 Nxd4 17. Nd2 Nc2 18. Rac1 Ne3 19. Rfe1 Nf5 20. Ne4 Rxa2
21. Nc5 Rxb2 22. Nd3 Rd2 23. Nf2 b6 24. Ne4 Rdd8 25. Rb1 Bd7 26. Red1 Bc6 27.
Rxd8 Rxd8 28. Nc3 Rd3 29. Nxb5 Bxb5 30. Rxb5 Rd1+ 31. Kf2 Rd2+ 32. Kg1 Ne3 33.
h3 Rxg2+ 34. Kh1 Rg3 35. Rb3 Rxf3 36. Rxb6 Rxh3+ 37. Kg1 Kh7 38. Rb7 Kg6 39.
Rb6 Kg5 40. Rb5+ Kg4 41. Rb4+ Kf3 42. Rb2 Rg3+ 43. Kh1 Ng4 44. Rb3+ Ne3 45. Rb2
h5 46. Rh2 Kg4 47. Re2 h4 48. Rh2 h3 49. Re2 Kf3 50. Rh2 Nf1 51. Ra2 h2 52.
Ra3+ Ne3 53. Ra2 Ng4 54. Ra3+ Kf4 55. Ra4+ Kg5 56. Ra5+ Kh4 57. Ra4 Rg1# {
FontaineGregor est échec et mat} 0-1

[Event "Champ FRA - Under 12"]
[Site "Europe Echecs"]
[Date "2020.07.08"]
[Round "3"]
[White "AlsaiedZeina"]
[Black "RoubaudLouisAl"]
[Result "1-0"]
[WhiteElo "1061"]
[BlackElo "1101"]
[PlyCount "57"]
[EventDate "2020.??.??"]

1. e4 e6 2. d4 d5 3. e5 c5 4. Bb5+ Bd7 5. Bxd7+ Qxd7 6. Nf3 Nc6 7. O-O Nge7 8.
c3 Nf5 9. h3 Be7 10. Qd3 cxd4 11. cxd4 f6 12. Nc3 fxe5 13. Nxe5 Nxe5 14. dxe5
O-O 15. Rd1 Rad8 16. Nb5 a6 17. Nd4 Nxd4 18. Qxd4 Rf5 19. Qg4 Rg5 20. Bxg5 Bxg5
21. Qxg5 Rf8 22. a3 Qb5 23. b4 Qb6 24. Rf1 Qd4 25. Rad1 Qb2 26. Ra1 d4 27. Qe7
Rc8 28. Qxe6+ Kf8 29. Qxc8+ {RoubaudLouisAl a abandonné} 1-0

[Event "Champ FRA - Under 12"]
[Site "Europe Echecs"]
[Date "2020.07.08"]
[Round "3"]
[White "ManukyanVahan"]
[Black "VandenbusscheT"]
[Result "1-0"]
[WhiteElo "1480"]
[BlackElo "999"]
[PlyCount "95"]
[EventDate "2020.??.??"]

1. e4 e5 2. Nf3 Nc6 3. Bc4 Bc5 4. c3 Nf6 5. d4 Nxe4 6. dxc5 O-O 7. Bd5 Nxc5 8.
Bxc6 dxc6 9. O-O e4 10. Qxd8 Rxd8 11. Ne5 Nd3 12. Nxd3 exd3 13. Bf4 h6 14. Nd2
Rd7 15. Rfe1 b6 16. Re8+ Kh7 17. Rae1 Bb7 18. R8e7 Rxe7 19. Rxe7 Kg8 20. f3 c5
21. Kf2 b5 22. Rxc7 Rb8 23. Re7 c4 24. Bxb8 Kf8 25. Rxb7 Ke8 26. Rxb5 Kd8 27.
Bxa7 Kc7 28. Bb6+ Kc6 29. Rb4 Kd5 30. Bd4 g5 31. Rb7 f5 32. Rh7 g4 33. Rxh6
gxf3 34. gxf3 f4 35. Rh5+ Kd6 36. Rf5 Ke6 37. Rxf4 Kd5 38. Rh4 Kd6 39. Rh5 Kc6
40. Re5 Kd6 41. f4 Kc6 42. f5 Kd6 43. f6 Kd7 44. f7 Kc7 45. f8=Q Kd7 46. Qf6
Kc7 47. Re7+ Kd8 48. Qf8# {VandenbusscheT est échec et mat} 1-0

[Event "Champ FRA - Under 12"]
[Site "Europe Echecs"]
[Date "2020.07.08"]
[Round "3"]
[White "KurenkovAnton"]
[Black "DupreyJoffrey"]
[Result "1-0"]
[WhiteElo "1056"]
[BlackElo "1370"]
[PlyCount "43"]
[EventDate "2020.??.??"]

1. e4 e5 2. Nf3 Nc6 3. Bc4 Bc5 4. Nc3 g5 5. h3 d6 6. d3 h6 7. Be3 Bxe3 8. fxe3
a6 9. a3 b5 10. Bd5 Nge7 11. Bxc6+ Nxc6 12. d4 exd4 13. Nxd4 Nxd4 14. Qxd4 O-O
15. Rf1 c5 16. Qd5 g4 17. Qh5 gxh3 18. gxh3 b4 19. Qxh6 bxc3 20. Rg1+ Bg4 21.
Rxg4+ Qg5 22. Rxg5# {DupreyJoffrey est échec et mat} 1-0

[Event "Champ FRA - Under 12"]
[Site "Europe Echecs"]
[Date "2020.07.08"]
[Round "3"]
[White "ChevillonManon"]
[Black "ClaveriePaul"]
[Result "1-0"]
[WhiteElo "1356"]
[BlackElo "1041"]
[PlyCount "73"]
[EventDate "2020.??.??"]

1. e4 e6 2. d4 d5 3. Nd2 c5 4. c3 Nc6 5. Ne2 Bd7 6. e5 f6 7. exf6 Nxf6 8. Nf3
Bd6 9. Be3 O-O 10. Qd2 Qc7 11. O-O-O Qa5 12. Kb1 cxd4 13. Nexd4 b5 14. Nxb5 Ne4
15. Qc2 Be7 16. Nbd4 e5 17. Nb3 Qc7 18. Bd3 Nf6 19. h3 e4 20. Be2 exf3 21. gxf3
Rfe8 22. Rdg1 g6 23. Ka1 Bf5 24. Qd2 Qd7 25. h4 Rab8 26. h5 Bd6 27. hxg6 Bxg6
28. Bd3 Ne5 29. Bxg6 Nxg6 30. Qd3 Kf8 31. Bh6+ Kf7 32. Bg5 Be5 33. Bxf6 Bxf6
34. Rxh7+ Bg7 35. Qxg6+ Ke7 36. Qxg7+ Kd8 37. Qxd7# {ClaveriePaul est échec
et mat} 1-0

[Event "Champ FRA - Under 12"]
[Site "Europe Echecs"]
[Date "2020.07.08"]
[Round "3"]
[White "LinJacky"]
[Black "OuaichaIsmail"]
[Result "1-0"]
[WhiteElo "1262"]
[BlackElo "1000"]
[PlyCount "45"]
[EventDate "2020.??.??"]

1. e4 d5 2. exd5 Nf6 3. d4 Nxd5 4. c4 Nb4 5. Qa4+ Qd7 6. Qxb4 Qe6+ 7. Be2 Qe4
8. Nf3 Qg4 9. O-O Qe4 10. Nc3 Qc2 11. Be3 Bg4 12. Qxb7 Bxf3 13. Bxf3 Qd3 14.
Qxa8 Qxc4 15. Qxb8+ Kd7 16. Bg4+ e6 17. Rfc1 Qd3 18. Nb5 c6 19. Qc7+ Ke8 20.
Rxc6 Qxb5 21. Bg5 f6 22. Rxe6+ Be7 23. Qxe7# {OuaichaIsmail est échec et mat}
1-0

[Event "Champ FRA - Under 12"]
[Site "Europe Echecs"]
[Date "2020.07.08"]
[Round "3"]
[White "PoghosyanNoray"]
[Black "AumontDiego"]
[Result "1-0"]
[WhiteElo "1200"]
[BlackElo "999"]
[PlyCount "77"]
[EventDate "2020.??.??"]

1. e4 d5 2. Nc3 dxe4 3. Nxe4 Nf6 4. Ng3 e5 5. Bb5+ c6 6. Bc4 Bc5 7. Nf3 Bd6 8.
c3 O-O 9. h3 Qe8 10. O-O Bc5 11. d4 exd4 12. cxd4 Bb4 13. a3 Bd6 14. Re1 Qd8
15. Nf1 c5 16. Be3 cxd4 17. Bxd4 Re8 18. Re2 Rxe2 19. Qxe2 h6 20. Bxf6 Qxf6 21.
Qe8+ Kh7 22. Bd3+ g6 23. Qxc8 a5 24. Qxb7 Ra6 25. Bxa6 Nxa6 26. Qxa6 Kh8 27.
Rd1 Be7 28. Qa8+ Kh7 29. Ne3 Kg7 30. Ng4 Qf5 31. Qb7 Bg5 32. Nxg5 hxg5 33. Qb6
a4 34. Qd4+ Kh7 35. Qd8 f6 36. Qf8 Qe6 37. Nxf6+ Qxf6 38. Qxf6 Kh6 39. Qh8# {
AumontDiego est échec et mat} 1-0

[Event "Champ FRA - Under 12"]
[Site "Europe Echecs"]
[Date "2020.07.08"]
[Round "3"]
[White "GadoisClaire"]
[Black "SemenovSonia"]
[Result "0-1"]
[WhiteElo "1040"]
[BlackElo "1193"]
[PlyCount "50"]
[EventDate "2020.??.??"]

1. e4 e5 2. Nf3 Nc6 3. d4 exd4 4. Nxd4 Nxd4 5. Qxd4 Nf6 6. Nc3 Be7 7. Bc4 d6 8.
O-O Bg4 9. h3 Bh5 10. Bg5 h6 11. Bh4 O-O 12. Rad1 Bxd1 13. Rxd1 c5 14. Qe3 Nh5
15. Bxe7 Qxe7 16. Nd5 Qh4 17. e5 Qxc4 18. Ne7+ Kh8 19. c3 dxe5 20. Qxe5 Qh4 21.
Nf5 Qg5 22. h4 Qg6 23. Rd6 f6 24. Qe7 Qxf5 25. Qxb7 Qg4 {GadoisClaire a perdu
au temps} 0-1

[Event "Champ FRA - Under 12"]
[Site "Europe Echecs"]
[Date "2020.07.08"]
[Round "3"]
[White "BaciuConstanti"]
[Black "ButzbachGael"]
[Result "1-0"]
[WhiteElo "1191"]
[BlackElo "999"]
[PlyCount "57"]
[EventDate "2020.??.??"]

1. e4 e5 2. Nf3 Nc6 3. Nc3 Nf6 4. Bc4 Bc5 5. d3 d6 6. Bg5 Bg4 7. O-O O-O 8. h3
Bxf3 9. Qxf3 h6 10. Bxf6 Qxf6 11. Qxf6 gxf6 12. a3 a6 13. b4 b5 14. Bb3 Bb6 15.
Nd5 Nd4 16. Nxf6+ Kh8 17. c3 Ne2+ 18. Kh1 Be3 19. Rae1 Ng3+ 20. fxg3 Bf2 21.
Rxf2 Rg8 22. Nxg8 Kxg8 23. Ref1 Rf8 24. Bxf7+ Rxf7 25. Rxf7 Kh8 26. R1f6 h5 27.
Rxc7 Kg8 28. Rxd6 Kf8 29. Rd8# {ButzbachGael est échec et mat} 1-0